MDQL
is popping MORE tags! Check the
thread
!
Quizzes
Events
Quiz Creation
Community
Videos
Private Events
Remove Ads
Sign In
Join for FREE
Feedback
Dark Mode
Quiz Categories
Sports
Geography
Music
Movies
Television
Just For Fun
Miscellaneous
History
Literature
Language
Science
Gaming
Entertainment
Religion
Holiday
For Kids
Quiz Lab
Recent
Popular Today
Quiz Kudos Today
Editor Picks
Curator Picks
Quizzes by...
Day
Popularity
Type
Ratings
Length
Year
Community
Subscriptions
Recent Discussions
Orange Saloon
Badges
Playlists
Quests
Create
Leaderboards
Showdown
Live 5
Trivia Bingo
Activity
Puzzle Library
Sporcle Events
Private Events
Virtual Trivia
Globe League
Become a Host
Pub Owners
SporcleCon
Opinionation
Our Games
Videos
Blog
Mobile Apps
Partnerships
Remove Ads and Go Orange
Feedback
Sports
Athletes
MLB
NBA
NHL
NFL
Soccer
Sports Teams
WWE
NCAA
Football
Premier League
Basketball
Baseball
Hockey
Golf
Tennis
Cricket
Rugby
Auto Racing
Olympics
World Cup
Sports
Athletes
MLB
NBA
NHL
NFL
Soccer
Sports Teams
WWE
NCAA
Football
Premier League
Basketball
Baseball
Hockey
Golf
Tennis
Cricket
Rugby
Auto Racing
Olympics
World Cup
Random Quiz
Search Sporcle
×
Quiz Lab
Quiz Lab
Sports
Football
Type in answers that appear in a list
Type in answers that appear in a list
Classic
Best Score? Go Orange.
Best football team in each London borough* Stats
Can you name the Best football team in each London borough?
By
Itsmagicjman
12m
25 Questions
81 Plays
81 Plays
81 Plays
Comments
Comments
Give Quiz Kudos
Give Quiz Kudos
-
- Ratings
hide this ad
More Info
Replay
Link that replays current quiz
Next Quiz
Link to next quiz in quiz playlist
You Got
0%
They Got
Avg Score
49%
Avg Friend Score
Upgrade to see
Score Distribution
Jump to the score distribution portion of the page
Score
0/25
Timer
12:00
0
Plays Today
Borough
team
% Correct
Hammersmith and Fulham
Chelsea
92.6%
Haringey
Tottenham Hotspur
88.9%
Croydon
Crystal Palace
85.2%
Harrow
Barnet
82.7%
Barking and Dagenham
Dagenham and Redbridge
80.2%
Kingston upon Thames
AFC Wimbledon
77.8%
Newham
West Ham United
76.5%
Sutton
Sutton United
75.3%
Hounslow
Brentford
74.1%
Lewisham
Millwall
74.1%
Greenwich
Charlton Athletic
72.8%
Bromley
Bromley
61.7%
Waltham Forest
Leyton Orient
60.5%
Borough
team
% Correct
Enfield
Enfield Town
43.2%
Bexley
Welling United
30.9%
Redbridge
Redbridge
25.9%
Hillingdon
Wealdstone
24.7%
Southwark
Dulwich Hamlet
23.5%
Richmond Upon Thames
Hampton and Richmond Borough
22.2%
Merton
Tooting and Mitcham
17.3%
Brent
Hendon
16%
Barnet
Wingate and Finchley
11.1%
Tower Hamlets
Tower Hamlets
9.9%
Ealing
Hanwell Town
6.2%
Havering
AFC Horncurch
1.2%
Quiz Playlist
Details
Report
Send in Message
Add To Playlist
More Info:
* By best, I mean highest ranked team with a ground in the specific borough.
Classic:
Type in answers that appear in a list
Last Updated: Apr 30, 2017
Quiz Scoreboard
CHALLENGE
Sign Up to Join the Scoreboard
Show All
Scores
Hide
Comments
May contain spoilers
Recently Published
1-10 Letter E Words III
by El_Dandy
Language
2m
Street Fighter Characters
by Artimus82
Gaming
60s
College Basketball Coaching Resumes
by pancakes188
Sports
9m
More to Explore
Quiz From the Vault
Featured Blog Post
Where Did the Easter Bunny Come From?
hide this ad
You Might Also Like...
Tags
Football Quiz
borough
London
team
Today's Top Quizzes in Sports
Browse Sports
hide this ad
Today's Top Quizzes in Football
Browse Football
Top Contributed Quizzes in Sports
1
2022 World Cup Stars
2
Les meilleurs buteurs des matchs entre le PSG et l’OM
3
FIFA Club World Cup Champions
4
Les entraîneurs de l'OM et du PSG au 21e siècle
5
Criteria MLB: Left Handed Sluggers
6
2023 MLB Unique Player Accomplishments
7
AFC Teams Reveal (Wrong Answers Minefield)
8
Players with Multiple 50 Home Run Seasons
9
5-to-1: FBS Animal Nicknames
10
5-to-1: UK Sports Teams
Explore More
Trending Topics
Marvel
Harry Potter
NBA
Kpop
Disney
Crossword
Anime
WWE
Soccer
Puzzle
Pokémon
Song
NFL
The Office
Country
hide this ad
More By:
Itsmagicjman
Quiz
Plays
Rating
Category
Featured
Created
2023 PDC World Darts Championship Players
486
5.00
Sports
Dec 12, 2022
2020 PDC World Darts Championships Players
423
5.00
Sports
Nov 25, 2019
FA Trophy Winners
420
4.29
Sports
May 1, 2016
Jamie Vardy's Career
400
5.00
Sports
Mar 10, 2016
2022 PDC World Darts Championship Players
377
5.00
Sports
Dec 14, 2021
Go to Creator's Profile
Score Distribution
Quiz Creator Spotlight
Itsmagicjman
Follow
Send a Message
Quizzes Created
-
Created Quiz Play Count
-
More By This Creator
Popular Quizzes Today
1
Find the US States - No Outlines Minefield
2
Find the Countries of Europe - No Outlines Minefield
3
The Countries of the World
4
Find the US States
5
Risky Map Clicking: Biggest States A-Z
6
US States
7
Popular People in 1961
8
Movies - When Are They Set?
More Sports Quizzes
Acrostic Pittsburgh Pirates
Curator's Pick
Trending Quizzes
Risky Map Clicking: Least Populous States A-Z
1-10 Letter G Words
1-10 Letter F Words
Countries of the World: 200 Million BC
Risky Map Clicking: Next State Alphabetically
Recently Updated
Beyoncé Albums
pecheneg
Leaping Animals
pecheneg
Reality TV Shows (A-Z)
bhenderson79
Rickey Henderson's Hall of Fame Teammates
pecheneg
Champions League XIs: Arsenal
pecheneg
Quick Pick: Celebrities in WWE's Hall of Fame
aduchscher
A-Z Keypad Blitz II
pecheneg
Multiple Oscar Actors
pecheneg
Mystery Phrase Blitz: Oscar 'Best Actors'
pecheneg
F. Scott Fitzgerald Novels
LTH
Trending Topics
Crossword
Disney
Kpop
Anime
NBA
Marvel
Harry Potter
The Office
Country
Soccer
Song
NFL
WWE
Pokémon
Puzzle
Your Account Isn't Verified!
In order to create a playlist on Sporcle, you need to verify the email address you used during registration. Go to your
Sporcle Settings
to finish the process.
Report this User
Report this user for behavior that violates our
Community Guidelines
.
Details:
Send Report
Go to the Sporcle.com Mobile Site →
Comments